Birth or Stage Name? Quiz Stats

Quiz Updated Aug 24, 2017

Also try: What's My Name!?
Challenge
Share
Tweet
Embed
Score 0/50 Timer 04:00
2 Plays Today
Name Birth (B) or Stage (S) % Correct
Michael Jackson???
86.7%
John Lennon???
83.6%
Ellen DeGeneres???
82%
Tom Hanks???
81.4%
Drew Barrymore???
81%
Bill Murray???
80.6%
Quentin Tarantino???
76.6%
Elvis Presley???
75.2%
Brad Pitt???
74.5%
Roger Daltrey???
74.2%
Stephen Fry???
72.6%
Eric Clapton???
72.1%
Harrison Ford???
71.5%
Courteney Cox???
71.4%
Channing Tatum???
71.3%
Sean Connery???
71.3%
Cameron Diaz???
70.7%
John Wayne???
69.4%
Elton John???
69.3%
Mick Jagger???
66.7%
Elizabeth Taylor???
66%
Clint Eastwood???
65.7%
Nicolas Cage???
65.2%
Harry Houdini???
64.2%
Cary Grant???
64.1%
Name Birth (B) or Stage (S) % Correct
Val Kilmer???
61.8%
Bob Dylan???
61.5%
Megan Fox???
61.3%
Marlon Brando???
57.9%
Dolly Parton???
56.3%
Dean Martin???
56.2%
Tina Turner???
52.8%
Jon Bon Jovi???
51.6%
Pixie Lott???
51.6%
Buddy Holly???
50.6%
Fred Astaire???
50.2%
Michael Caine???
49.4%
Cliff Richard???
48.3%
Tom Cruise???
45.4%
George Orwell???
45.3%
Charlton Heston???
45.2%
Ben Kingsley???
45%
Gene Wilder???
44.5%
Clark Gable???
40.9%
Sylvester McCoy???
40.6%
Audrey Hepburn???
38.3%
Oliver Hardy???
37.8%
Richard Burton???
36.4%
Sigourney Weaver???
32.9%
Elle MacPherson???
26.6%

You're not logged in!

Compare scores with friends on all Sporcle quizzes.
Sign Up with Email
OR
Log In

You Might Also Like...

Show Comments

Extras

Top Quizzes Today


Score Distribution

Your Account Isn't Verified!

In order to create a playlist on Sporcle, you need to verify the email address you used during registration. Go to your Sporcle Settings to finish the process.